Διαχείριση Έργων / Project Management: Τρίτη Αγγλική Έκδοση (Record no. 5827)
[ view plain ]
| 000 -LEADER | |
|---|---|
| fixed length control field | 02150cam a22002294a 4500 |
| 005 - ΗΜΕΡΟΜΗΝΙΑ ΚΑΙ ΩΡΑ ΤΕΛΕΥΤΑΙΑΣ ΕΝΗΜΕΡΩΣΗΣ | |
| Πεδίο ελέγχου | 20250605164223.0 |
| 008 - FIXED-LENGTH DATA ELEMENTS--GENERAL INFORMATION | |
| Πεδίο ελέγχου σταθερού μήκους | 250528s ||||||||||||||||||||||||d |
| 035 ## - SYSTEM CONTROL NUMBER | |
| System control number | 20743 |
| 020 ## - ISBN | |
| ISBN | 9602098538 |
| 040 ## - ΠΗΓΗ ΚΑΤΑΛΟΓΟΓΡΑΦΗΣΗΣ | |
| Φορέας πρωτότυπης καταλογογράφησης | MC Athens Campus Library |
| Γλώσσα καταλογογράφησης | Ελληνικά, Μοντέρνα (1453-) |
| Modifying agency | MC Athens Campus Library |
| Κανόνες περιγραφικής καταλογογράφησης | AACR2 |
| 245 1# - ΤΙΤΛΟΣ ΚΑΙ ΔΗΛΩΣΗ ΥΠΕΥΘΥΝΟΤΗΤΑΣ | |
| Τίτλος | Διαχείριση Έργων / Project Management: Τρίτη Αγγλική Έκδοση |
| 250 ## - EDITION STATEMENT | |
| Edition statement | 3η |
| 260 ## - PUBLICATION, DISTRIBUTION, ETC. | |
| Name of publisher, distributor, etc. | Κλειδάριθμος, |
| Date of publication, distribution, etc. | 2005 |
| 300 ## - PHYSICAL DESCRIPTION | |
| Extent | 504 |
| 520 ## - SUMMARY, ETC. | |
| Summary, etc. | Το βιβλίο αυτό, συνδυάζοντας μια ισχυρή ακαδημαϊκή προσέγγιση με μελέτες πραγματικών περιπτώσεων δείχνει περίτεχνα το εύρος των θεμάτων που αντιμετωπίζουν οι διαχειριστές έργων, μέσω της λογικής του κύκλου έργου των τεσσάρων φάσεων. Πρόλογος, Εισαγωγή, Δομές και Πλαίσια, Ορισμός του Έργου, Στρατηγική και Διαχείριση Έργου, Σχεδιασμός της Διαδικασίας του Έργου, Σχεδιασμός Χρόνου, Διαχείριση Έργου Μέσω Κρίσιμης Αλυσίδας, Σχεδιασμός Κόστους και Ποιότητας, Ανάλυση Σχεδίων και Διαχείριση Κινδύνων, Εκτέλεση του Έργου, Οργάνωση Έργου: Δομές και Ομάδες, Μάνατζμεντ και Ηγεσία σε Περιβάλλον Έργου, Έλεγχος των Έργων, Θέματα Αλυσίδας Προμηθειών, Επίλυση Προβλημάτων και Λήψη Αποφάσεων, Ανάπτυξη της Διαδικασίας, Ολοκλήρωση Έργου και Επανεξέταση, Βελτίωση της Απόδοσης Ενός Έργου, Σχετικά Πρότυπα, Ευρετήριο. |
| 700 1# - ΠΡΟΣΘΕΤΗ ΑΝΑΓΡΑΦΗ--ΦΥΣΙΚΟ ΠΡΟΣΩΠΟ | |
| Personal name | Maylor Harvey |
| 9 (RLIN) | 1386 |
| 700 1# - ΠΡΟΣΘΕΤΗ ΑΝΑΓΡΑΦΗ--ΦΥΣΙΚΟ ΠΡΟΣΩΠΟ | |
| Personal name | Καρανικολός Κώστας |
| 9 (RLIN) | 6712 |
| 700 1# - ΠΡΟΣΘΕΤΗ ΑΝΑΓΡΑΦΗ--ΦΥΣΙΚΟ ΠΡΟΣΩΠΟ | |
| Personal name | Σταυρόπουλος Παναγιώτης |
| 9 (RLIN) | 6713 |
| 942 ## - ADDED ENTRY ELEMENTS (KOHA) | |
| Koha item type | Books |
| Τύπος τεκμηρίου | Βιβλιοθήκη | Τρέχουσα τοποθεσία | Barcode | Αριθμός εισαγωγής | Ημερομηνία απόκτησης | Ταξιθετικό σύμβολο | Αριθμός αντιτύπου | Κατάσταση απόσυρσης | Κατάσταση χαμένου | Κατάσταση κατεστραμμένου | Μη δανεισμός | Σύνολο δανεισμών | Ημερομηνία τελευταίας εμφάνισης | Η τιμή ισχύει από |
|---|---|---|---|---|---|---|---|---|---|---|---|---|---|---|
| Books | MC Athens Campus Library | MC Athens Campus Library | 9780000058263 | 7406 | 05/06/2025 | 658.404 MAY | 1 | 05/06/2025 | 05/06/2025 |